000 00325nam a22001217a 4500
040 _cSK
082 _a572
100 _aជ្រុន រិទ្ធី
245 _aFood biochemistry I; គីំីំមីជីវៈចំណីអាហារ
260 _aRUA
_bជ្រុន
_c2011
300 _a38p.
942 _cKB
999 _c9014
_d9014